Octonauts - Statistics

General Stats
  • This quiz has been taken 37 times
  • The average score is 7 of 8
Answer Stats
Picture Answer % Correct
Peso
100%
Dashi
96%
Shellington
93%
Tunip
93%
Tweak
93%
Barnacles
89%
Inkling
89%
Kwazii
86%
No matching quizzes found
Score Distribution
Percent of People with Each Score
Percentile by Number Answered
Your Score History
You have not taken this quiz